000 00469 a2200169 4500
003 OSt
005 20231121134959.0
008 231121b |||||||| |||| 00| 0 eng d
020 _a9788130913070
040 _coclc
082 _a571.2
_bOXL/P
100 _aOxlade, Edwin
_99909
245 _aPlant Physiology /
_cDr. Edwin Oxlade
260 _aNew Delhi:
_bViva books,
_c2010.
300 _a156p
942 _2ddc
_cBK
_h571.2
_iOXL/P
_k571.2
_mOXL/P
999 _c43674
_d43674